Phố (tiểu thuyết)

Sparad:
Bibliografiska uppgifter
Huvudupphovsman: Chu, Lai
Materialtyp: Bok
Språk:Undetermined
Publicerad: Hà Nội Văn học 2013
Ämnen:
Taggar: Lägg till en tagg
Inga taggar, Lägg till första taggen!
Thư viện lưu trữ: Trung tâm Học liệu Trường Đại học Cần Thơ
LEADER 00522nam a2200193Ia 4500
001 CTU_180524
008 210402s9999 xx 000 0 und d
020 |c 89000 
082 |a 895.922334 
082 |b L103 
100 |a Chu, Lai 
245 0 |a Phố (tiểu thuyết) 
245 0 |c Chu Lai 
260 |a Hà Nội 
260 |b Văn học 
260 |c 2013 
650 |a Vietnamese fiction,Tiểu thuyết Việt Nam 
904 |i Thuý Vi 
980 |a Trung tâm Học liệu Trường Đại học Cần Thơ